Loading...
| Philosophy | 0 | 7 | 1 | 3 | 65 | 61 | 115.57 | 3 | 7 | 0.00 | 0.00 |
| Fine Arts - Auditory | 0 | 5 | 0 | 0 | 50 | 96 | 121.80 | 0 | 5 | 0.00 | 0.00 |
| Literature - American | 1 | 3 | 0 | 0 | 45 | 69 | 111.50 | 2 | 4 | 0.00 | 0.00 |
| Science - Chemistry | 2 | 2 | 1 | 0 | 45 | 43 | 65.75 | 2 | 4 | 0.00 | 0.00 |
| Literature - World | 0 | 4 | 0 | 0 | 40 | 92 | 110.50 | 1 | 4 | 0.00 | 0.00 |
| Fine Arts - Visual | 0 | 4 | 1 | 0 | 35 | 72 | 105.00 | 1 | 2 | 0.00 | 0.00 |
| Literature - European | 1 | 1 | 0 | 0 | 25 | 68 | 85.00 | 1 | 2 | 0.00 | 0.00 |
| Fine Arts - Other | 1 | 1 | 0 | 0 | 25 | 77 | 84.50 | 0 | 2 | 0.00 | 0.00 |
| Literature - British | 0 | 2 | 0 | 1 | 20 | 101 | 119.00 | 1 | 2 | 0.00 | 0.00 |
| Mythology | 0 | 2 | 0 | 0 | 20 | 117 | 129.50 | 0 | 2 | 0.00 | 0.00 |
| Religion | 0 | 1 | 0 | 0 | 10 | 110 | 110.00 | 0 | 1 | 0.00 | 0.00 |
| Science - Physics | 0 | 1 | 0 | 1 | 10 | 140 | 140.00 | 0 | 1 | 0.00 | 0.00 |
| History - Other | 0 | 1 | 0 | 1 | 10 | 122 | 122.00 | 0 | 1 | 0.00 | 0.00 |
| History - American | 0 | 1 | 0 | 0 | 10 | 86 | 86.00 | 0 | 1 | 0.00 | 0.00 |
| Science - Other | 0 | 1 | 0 | 0 | 10 | 133 | 133.00 | 0 | 1 | 0.00 | 0.00 |
| Science - Biology | 0 | 1 | 1 | 0 | 5 | 121 | 121.00 | 0 | 1 | 0.00 | 0.00 |
| History - European | 0 | 0 | 1 | 0 | -5 | 0.00 | 0 | 0 | 0.00 | 0.00 |